[Event "13. Golden Prague Rapid Open"]
[Site "Praha"]
[Date "2017.07.01"]
[Round "7.2"]
[White "Netusil, Miloslav"]
[Black "Chudinovskikh, Alexander M"]
[Result "0-1"]
[WhiteElo "2249"]
[BlackElo "2250"]
[Annotator ""]
[Source ""]
[Remark ""]

1.d4 {[%clk 0:12:04]} Nf6 {[%clk 0:12:05]} 2.c4 {[%clk 0:12:07]}
e6 {[%clk 0:12:08]} 3.Nc3 {[%clk 0:12:08]} Bb4 {[%clk 0:12:05]}
4.e3 {[%clk 0:12:08]} O-O {[%clk 0:12:06]} 5.Bd3 {[%clk 0:12:11]}
d5 {[%clk 0:12:06]} 6.Nf3 {[%clk 0:12:12]} c5 {[%clk 0:12:02]}
7.O-O {[%clk 0:12:13]} cxd4 {[%clk 0:11:59]} 8.exd4 {[%clk 0:12:15]}
dxc4 {[%clk 0:12:01]} 9.Bxc4 {[%clk 0:12:16]} b6 {[%clk 0:12:03]}
10.Bg5 {[%clk 0:12:16]} Bb7 {[%clk 0:11:53]} 11.Qe2 {[%clk 0:12:14]}
Nc6 {[%clk 0:11:09]} 12.Rad1 {[%clk 0:12:12]} Bxc3 {[%clk 0:10:48]}
13.bxc3 {[%clk 0:12:13]} Rc8 {[%clk 0:10:47]} 14.Bd3 {[%clk 0:11:52]}
h6 {[%clk 0:09:50]} 15.Bh4 {[%clk 0:11:53]} Qd5 {[%clk 0:09:21]}
16.Bxf6 {[%clk 0:10:37]} gxf6 {[%clk 0:09:23]} 17.c4 {[%clk 0:10:04]}
Qh5 {[%clk 0:09:15]} 18.d5 {[%clk 0:10:02]} exd5 {[%clk 0:08:47]}
19.cxd5 {[%clk 0:09:58]} Rce8 {[%clk 0:07:33]} 20.Qb2 {[%clk 0:08:39]}
Ne5 {[%clk 0:07:18]} 21.Be2 {[%clk 0:08:42]} Rd8 {[%clk 0:06:43]}
22.Nd4 {[%clk 0:08:25]} Qg6 {[%clk 0:06:08]} 23.f4 {[%clk 0:08:05]}
Bxd5 {[%clk 0:06:02]} 24.Bh5 {[%clk 0:07:43]} Qxh5 {[%clk 0:05:43]}
25.fxe5 {[%clk 0:07:45]} Bc4 {[%clk 0:04:28]} 26.Nf5 {[%clk 0:05:40]}
Rxd1 {[%clk 0:04:16]} 0-1

[Event "13. Golden Prague Rapid Open"]
[Site "Praha"]
[Date "2017.07.01"]
[Round "7.3"]
[White "Fedorov, Evgueny"]
[Black "Konopka, Michal"]
[Result "1-0"]
[WhiteElo "2251"]
[BlackElo "2415"]
[Annotator ""]
[Source ""]
[Remark ""]

1.e4 {[%clk 0:12:04]} Nf6 {[%clk 0:12:02]} 2.e5 {[%clk 0:12:00]}
Nd5 {[%clk 0:12:02]} 3.d4 {[%clk 0:12:01]} d6 {[%clk 0:12:03]}
4.Nf3 {[%clk 0:11:58]} Nb6 {[%clk 0:11:58]} 5.a4 {[%clk 0:11:38]}
a5 {[%clk 0:12:00]} 6.Be2 {[%clk 0:11:15]} g6 {[%clk 0:11:51]}
7.O-O {[%clk 0:11:07]} Bg7 {[%clk 0:11:37]} 8.exd6 {[%clk 0:11:07]}
cxd6 {[%clk 0:11:25]} 9.Bf4 {[%clk 0:10:02]} Nc6 {[%clk 0:11:13]}
10.Qd2 {[%clk 0:09:49]} Bg4 {[%clk 0:10:52]} 11.c3 {[%clk 0:09:41]}
O-O {[%clk 0:08:55]} 12.h3 {[%clk 0:09:29]} Bxf3 {[%clk 0:08:42]}
13.Bxf3 {[%clk 0:09:30]} e5 {[%clk 0:08:42]} 14.Bg5 {[%clk 0:09:04]}
f6 {[%clk 0:08:29]} 15.Bh6 {[%clk 0:08:59]} Bxh6 {[%clk 0:08:11]}
16.Qxh6 {[%clk 0:09:00]} exd4 {[%clk 0:07:21]} 17.Rd1 {[%clk 0:08:00]}
Qe7 {[%clk 0:04:48]} 18.cxd4 {[%clk 0:07:43]} d5 {[%clk 0:04:04]}
19.Nc3 {[%clk 0:07:37]} Rad8 {[%clk 0:04:03]} 20.h4 {[%clk 0:03:12]}
Qg7 {[%clk 0:04:04]} 21.Qf4 {[%clk 0:03:11]} g5 {[%clk 0:04:06]}
22.Qf5 {[%clk 0:02:48]} Ne7 {[%clk 0:03:10]} 23.Qe6+ {[%clk 0:02:48]}
Qf7 {[%clk 0:03:10]} 24.Qxb6 {[%clk 0:02:47]} Kh8 {[%clk 0:03:04]}
25.Re1 {[%clk 0:02:48]} Nf5 {[%clk 0:03:03]} 26.h5 {[%clk 0:02:38]}
Nh4 {[%clk 0:02:54]} 27.Bg4 {[%clk 0:02:19]} f5 {[%clk 0:02:55]}
28.Bd1 {[%clk 0:02:21]} g4 {[%clk 0:02:45]} 29.Qh6 {[%clk 0:02:15]}
Rg8 {[%clk 0:01:52]} 30.Re6 {[%clk 0:01:29]} Rdf8 {[%clk 0:01:45]}
31.Nxd5 {[%clk 0:01:03]} f4 {[%clk 0:01:47]} 32.Re7 {[%clk 0:00:57]}
g3 {[%clk 0:01:22]} 33.Rxf7 {[%clk 0:00:54]} gxf2+ {[%clk 0:01:21]}
34.Kxf2 {[%clk 0:00:44]} Rxg2+ {[%clk 0:01:23]} 35.Kf1 {[%clk 0:00:46]}
Rxf7 {[%clk 0:01:25]} 36.Bf3 {[%clk 0:00:40]} Rg3 {[%clk 0:01:07]}
37.Be4 {[%clk 0:00:41]} f3 {[%clk 0:00:55]} 38.Rc1 {[%clk 0:00:41]}
Rg8 {[%clk 0:00:47]} 39.Rc7 {[%clk 0:00:34]} 1-0

[Event "13. Golden Prague Rapid Open"]
[Site "Praha"]
[Date "2017.07.01"]
[Round "7.4"]
[White "Plischki, Sebastian"]
[Black "Kiss, Pal"]
[Result "1-0"]
[WhiteElo "2415"]
[BlackElo "2339"]
[Annotator ""]
[Source ""]
[Remark ""]

1.Nf3 {[%clk 0:12:04]} d5 {[%clk 0:12:02]} 2.c4 {[%clk 0:12:05]}
c6 {[%clk 0:12:03]} 3.g3 {[%clk 0:12:07]} Nf6 {[%clk 0:12:05]}
4.Bg2 {[%clk 0:12:09]} Bg4 {[%clk 0:12:06]} 5.Ne5 {[%clk 0:12:07]}
Be6 {[%clk 0:12:06]} 6.cxd5 {[%clk 0:12:06]} Bxd5 {[%clk 0:12:07]}
7.Nf3 {[%clk 0:12:07]} c5 {[%clk 0:12:09]} 8.Nc3 {[%clk 0:12:07]}
Bc6 {[%clk 0:12:11]} 9.O-O {[%clk 0:12:06]} e6 {[%clk 0:12:12]}
10.d3 {[%clk 0:12:01]} Be7 {[%clk 0:12:11]} 11.e4 {[%clk 0:12:01]}
O-O {[%clk 0:12:11]} 12.Qe2 {[%clk 0:11:56]} b5 {[%clk 0:12:08]}
13.Rd1 {[%clk 0:11:46]} b4 {[%clk 0:11:25]} 14.Nb1 {[%clk 0:11:43]}
Bb7 {[%clk 0:10:49]} 15.Nbd2 {[%clk 0:11:42]} Nc6 {[%clk 0:10:50]}
16.Nb3 {[%clk 0:11:27]} Nd7 {[%clk 0:09:04]} 17.Be3 {[%clk 0:11:09]}
e5 {[%clk 0:08:37]} 18.Bh3 {[%clk 0:10:57]} Nd4 {[%clk 0:08:08]}
19.Bxd4 {[%clk 0:10:52]} exd4 {[%clk 0:08:08]} 20.Rac1 {[%clk 0:10:42]}
Rc8 {[%clk 0:07:13]} 21.Rc2 {[%clk 0:09:53]} Bc6 {[%clk 0:06:45]}
22.Rdc1 {[%clk 0:09:45]} Qb6 {[%clk 0:06:39]} 23.Nbd2 {[%clk 0:08:16]}
Rfd8 {[%clk 0:05:37]} 24.Ne1 {[%clk 0:07:44]} Rc7 {[%clk 0:05:02]}
25.f4 {[%clk 0:07:41]} Nf8 {[%clk 0:04:27]} 26.Bg2 {[%clk 0:07:18]}
Bb5 {[%clk 0:03:36]} 27.Nc4 {[%clk 0:06:57]} Qa6 {[%clk 0:03:26]}
28.b3 {[%clk 0:06:58]} Nd7 {[%clk 0:03:16]} 29.Nf3 {[%clk 0:06:57]}
Nb6 {[%clk 0:02:55]} 30.Nfd2 {[%clk 0:06:36]} Nxc4 {[%clk 0:02:38]}
31.Nxc4 {[%clk 0:06:34]} Bxc4 {[%clk 0:02:19]} 32.Rxc4 {[%clk 0:06:26]}
Qb6 {[%clk 0:02:06]} 33.e5 {[%clk 0:06:25]} a5 {[%clk 0:02:08]}
34.Be4 {[%clk 0:06:22]} g6 {[%clk 0:02:08]} 35.Rf1 {[%clk 0:06:15]}
f5 {[%clk 0:02:04]} 36.exf6 {[%clk 0:06:12]} Bxf6 {[%clk 0:01:57]}
37.Qg4 {[%clk 0:06:04]} Kh8 {[%clk 0:01:47]} 38.h4 {[%clk 0:06:04]}
Rg7 {[%clk 0:01:41]} 39.Kg2 {[%clk 0:05:58]} Be7 {[%clk 0:01:34]}
40.Rc2 {[%clk 0:05:53]} Qd6 {[%clk 0:01:25]} 41.Qd1 {[%clk 0:05:29]}
Rf8 {[%clk 0:01:21]} 42.Re2 {[%clk 0:05:27]} Qd8 {[%clk 0:01:20]}
43.Rh1 {[%clk 0:05:01]} Qd6 {[%clk 0:01:20]} 44.Qc1 {[%clk 0:04:55]}
Qd7 {[%clk 0:01:19]} 45.Qc4 {[%clk 0:04:54]} Qd8 {[%clk 0:01:02]}
46.Bf3 {[%clk 0:04:49]} Bd6 {[%clk 0:00:59]} 47.Qd5 {[%clk 0:04:31]}
Be7 {[%clk 0:00:52]} 48.Rhe1 {[%clk 0:03:37]} Qxd5 {[%clk 0:00:39]}
49.Bxd5 {[%clk 0:03:38]} Bd6 {[%clk 0:00:39]} 50.Re6 {[%clk 0:03:35]}
Rd7 {[%clk 0:00:37]} 51.Kf3 {[%clk 0:03:25]} Rdd8 {[%clk 0:00:40]}
52.Kg4 {[%clk 0:03:24]} Kg7 {[%clk 0:00:42]} 53.h5 {[%clk 0:03:22]}
Rf5 {[%clk 0:00:29]} 54.Bc4 {[%clk 0:02:32]} Rxh5 {[%clk 0:00:30]}
55.Re8 {[%clk 0:02:30]} Rxe8 {[%clk 0:00:29]} 56.Rxe8 {[%clk 0:02:32]}
Rh2 {[%clk 0:00:30]} 57.Rd8 {[%clk 0:02:13]} Bf8 {[%clk 0:00:24]}
58.Rd7+ {[%clk 0:02:10]} Kh6 {[%clk 0:00:18]} 59.Kf3 {[%clk 0:01:51]}
g5 {[%clk 0:00:11]} 60.f5 {[%clk 0:01:30]} g4+ {[%clk 0:00:05]}
61.Kxg4 {[%clk 0:01:28]} Rf2 {[%clk 0:00:06]} 62.Bg8 {[%clk 0:00:55]}
Bg7 {[%clk 0:00:08]} 63.Rd6+ {[%clk 0:00:46]} Bf6 {[%clk 0:00:08]}
64.Rxf6+ {[%clk 0:00:35]} Kg7 {[%clk 0:00:10]} 65.Ra6 {[%clk 0:00:31]}
Kxg8 {[%clk 0:00:12]} 66.Rxa5 {[%clk 0:00:33]} Rd2 {[%clk 0:00:11]}
67.Rxc5 {[%clk 0:00:33]} Rxd3 {[%clk 0:00:13]} 68.Rc4 {[%clk 0:00:33]}
Rd2 {[%clk 0:00:14]} 69.Rxb4 {[%clk 0:00:34]} Rxa2 {[%clk 0:00:13]}
70.Rxd4 1-0

[Event "13. Golden Prague Rapid Open"]
[Site "Praha"]
[Date "2017.07.01"]
[Round "7.5"]
[White "Frolov, Artur"]
[Black "Rydl, Jiri"]
[Result "0-1"]
[WhiteElo "2332"]
[BlackElo "2196"]
[Annotator ""]
[Source ""]
[Remark ""]

1.e4 {[%clk 0:12:05]} e6 {[%clk 0:12:04]} 2.d4 {[%clk 0:12:07]}
d5 {[%clk 0:12:06]} 3.Nd2 {[%clk 0:12:09]} Be7 {[%clk 0:12:06]}
4.Ngf3 {[%clk 0:12:00]} Nf6 {[%clk 0:12:06]} 5.Bd3 {[%clk 0:11:57]}
c5 {[%clk 0:12:07]} 6.dxc5 {[%clk 0:11:57]} a5 {[%clk 0:11:41]}
7.exd5 {[%clk 0:11:22]} Qxd5 {[%clk 0:11:41]} 8.O-O {[%clk 0:11:09]}
O-O {[%clk 0:11:29]} 9.b3 {[%clk 0:10:41]} Na6 {[%clk 0:10:50]}
10.Nc4 {[%clk 0:10:02]} Bxc5 {[%clk 0:10:25]} 11.Bb2 {[%clk 0:09:43]}
b6 {[%clk 0:09:36]} 12.Bxf6 {[%clk 0:07:40]} gxf6 {[%clk 0:09:36]}
13.Nfd2 {[%clk 0:07:39]} f5 {[%clk 0:09:28]} 14.Qh5 {[%clk 0:06:10]}
Qd4 {[%clk 0:07:22]} 15.Rae1 {[%clk 0:04:59]} Qf6 {[%clk 0:06:44]}
16.Ne4 {[%clk 0:02:41]} Qg6 {[%clk 0:06:43]} 17.Qxg6+ {[%clk 0:02:40]}
hxg6 {[%clk 0:06:45]} 18.Nxc5 {[%clk 0:02:37]} bxc5 {[%clk 0:06:27]}
19.Nb6 {[%clk 0:02:38]} Ra7 {[%clk 0:06:24]} 20.Nxc8 {[%clk 0:02:39]}
Rxc8 {[%clk 0:06:25]} 21.c3 {[%clk 0:02:33]} Nc7 {[%clk 0:06:14]}
22.Bc4 {[%clk 0:02:30]} a4 {[%clk 0:06:15]} 23.Re5 {[%clk 0:02:28]}
axb3 24.axb3 Ne8 {[%clk 0:06:10]} 25.Rd1 {[%clk 0:02:27]} Kf8
{[%clk 0:06:08]} 26.Kf1 {[%clk 0:02:29]} Ke7 {[%clk 0:06:10]}
27.Re2 {[%clk 0:02:30]} Nd6 {[%clk 0:06:10]} 28.Bd3 {[%clk 0:02:24]}
Ra3 {[%clk 0:06:07]} 29.Rb2 {[%clk 0:02:21]} Rb8 {[%clk 0:06:04]}
30.Rdb1 {[%clk 0:02:12]} e5 {[%clk 0:05:15]} 31.f3 {[%clk 0:02:11]}
e4 {[%clk 0:05:17]} 32.fxe4 {[%clk 0:02:13]} fxe4 {[%clk 0:05:19]}
33.Be2 {[%clk 0:02:12]} f5 {[%clk 0:05:08]} 34.g3 {[%clk 0:01:56]}
Ke6 {[%clk 0:05:10]} 35.h4 {[%clk 0:01:42]} c4 {[%clk 0:04:59]}
36.Bxc4+ {[%clk 0:01:39]} Nxc4 {[%clk 0:05:00]} 37.bxc4 {[%clk 0:01:41]}
Rxb2 {[%clk 0:04:56]} 38.Rxb2 {[%clk 0:01:43]} Rxc3 {[%clk 0:04:46]}
39.Rb6+ {[%clk 0:01:45]} Kf7 {[%clk 0:04:44]} 40.Rb7+ {[%clk 0:01:42]}
Kf6 {[%clk 0:04:45]} 41.Rb6+ {[%clk 0:01:42]} Kg7 {[%clk 0:04:46]}
42.Kf2 {[%clk 0:01:08]} Rxc4 {[%clk 0:04:46]} 43.Rb3 {[%clk 0:01:06]}
Kh6 {[%clk 0:04:29]} 44.Ke3 {[%clk 0:01:07]} Rc1 {[%clk 0:04:31]}
45.Rb8 {[%clk 0:01:04]} Rc3+ {[%clk 0:04:32]} 46.Kf2 {[%clk 0:01:06]}
Kh5 {[%clk 0:04:28]} 47.Rg8 {[%clk 0:00:36]} Rc2+ {[%clk 0:03:51]}
48.Ke3 {[%clk 0:00:33]} Rg2 {[%clk 0:03:24]} 49.g4+ {[%clk 0:00:26]}
Kxh4 {[%clk 0:02:45]} 50.gxf5 {[%clk 0:00:28]} Rg3+ {[%clk 0:02:46]}
51.Kf4 {[%clk 0:00:27]} Rg4+ {[%clk 0:02:33]} 52.Ke5 {[%clk 0:00:24]}
gxf5 {[%clk 0:02:28]} 53.Rh8+ {[%clk 0:00:26]} Kg3 {[%clk 0:02:29]}
54.Kxf5 {[%clk 0:00:28]} e3 {[%clk 0:02:03]} 55.Re8 {[%clk 0:00:30]}
Rf4+ {[%clk 0:02:05]} 56.Kg5 {[%clk 0:00:28]} Kf3 {[%clk 0:02:07]}
57.Rh8 {[%clk 0:00:18]} Ra4 {[%clk 0:02:07]} 58.Rh3+ {[%clk 0:00:16]}
Kf2 {[%clk 0:02:09]} 59.Rh2+ {[%clk 0:00:16]} Kg3 {[%clk 0:02:11]}
60.Rb2 {[%clk 0:00:14]} Ra5+ {[%clk 0:02:13]} 61.Kf6 {[%clk 0:00:16]}
Kf3 {[%clk 0:02:15]} 62.Rb3 {[%clk 0:00:18]} Kf2 {[%clk 0:02:16]}
63.Rb2+ {[%clk 0:00:20]} e2 {[%clk 0:02:18]} 0-1

[Event "13. Golden Prague Rapid Open"]
[Site "Praha"]
[Date "2017.07.01"]
[Round "7.6"]
[White "Pribyl, Josef"]
[Black "Pochinkov, Andrey"]
[Result "0-1"]
[WhiteElo "2240"]
[BlackElo "2021"]
[Annotator ""]
[Source ""]
[Remark ""]

1.d4 {[%clk 0:12:05]} Nf6 {[%clk 0:12:03]} 2.Nf3 {[%clk 0:12:07]}
e6 {[%clk 0:12:05]} 3.g3 {[%clk 0:12:09]} Be7 {[%clk 0:12:00]}
4.c4 {[%clk 0:12:10]} d5 {[%clk 0:11:52]} 5.Nc3 {[%clk 0:12:11]}
O-O {[%clk 0:11:48]} 6.Bg2 {[%clk 0:12:13]} Bb4 {[%clk 0:11:20]}
7.O-O {[%clk 0:12:11]} Bxc3 {[%clk 0:11:14]} 8.bxc3 {[%clk 0:12:12]}
c5 {[%clk 0:11:02]} 9.cxd5 {[%clk 0:12:03]} Nxd5 {[%clk 0:10:59]}
10.dxc5 {[%clk 0:11:52]} Qa5 {[%clk 0:10:39]} 11.Bd2 {[%clk 0:11:39]}
Qxc5 {[%clk 0:10:39]} 12.Qb3 {[%clk 0:11:03]} Nc6 {[%clk 0:10:31]}
13.c4 {[%clk 0:11:00]} Nb6 {[%clk 0:10:26]} 14.Rac1 {[%clk 0:11:00]}
e5 {[%clk 0:10:09]} 15.Qb5 {[%clk 0:10:49]} Qe7 {[%clk 0:09:24]}
16.Be3 {[%clk 0:10:43]} Nd7 {[%clk 0:09:20]} 17.Rfd1 {[%clk 0:10:34]}
Re8 {[%clk 0:08:58]} 18.Ng5 {[%clk 0:09:43]} a6 {[%clk 0:08:50]}
19.Qb1 {[%clk 0:09:41]} Nf6 {[%clk 0:08:43]} 20.Bd5 {[%clk 0:09:37]}
Rf8 {[%clk 0:08:26]} 21.Qb6 {[%clk 0:09:32]} Nd7 {[%clk 0:08:00]}
22.Qc7 {[%clk 0:09:26]} h6 {[%clk 0:06:58]} 23.Ne4 {[%clk 0:09:09]}
Qd8 {[%clk 0:06:36]} 24.Qxd8 {[%clk 0:09:00]} Nxd8 {[%clk 0:06:27]}
25.Nd6 {[%clk 0:08:54]} Kh8 {[%clk 0:05:59]} 26.Rb1 {[%clk 0:08:30]}
Nf6 {[%clk 0:05:31]} 27.Bf3 {[%clk 0:08:13]} e4 {[%clk 0:05:04]}
28.Bg2 {[%clk 0:08:05]} Nc6 {[%clk 0:04:38]} 29.Nxc8 {[%clk 0:07:21]}
Raxc8 {[%clk 0:04:37]} 30.Rxb7 {[%clk 0:07:22]} Na5 {[%clk 0:04:39]}
31.Ra7 {[%clk 0:07:16]} Nxc4 {[%clk 0:04:39]} 32.Bf4 {[%clk 0:07:13]}
a5 {[%clk 0:04:19]} 33.h3 {[%clk 0:07:05]} g5 {[%clk 0:04:17]}
34.Bc1 {[%clk 0:06:51]} Rfd8 {[%clk 0:04:08]} 35.Re1 {[%clk 0:06:35]}
Kg7 {[%clk 0:04:06]} 36.f3 {[%clk 0:06:20]} e3 {[%clk 0:03:59]}
37.f4 {[%clk 0:06:07]} Rc5 {[%clk 0:03:45]} 38.fxg5 {[%clk 0:05:58]}
hxg5 {[%clk 0:03:46]} 39.Re7 {[%clk 0:05:57]} Kf8 {[%clk 0:03:33]}
40.Bxe3 {[%clk 0:05:47]} Rcc8 {[%clk 0:03:20]} 41.Ra7 {[%clk 0:05:33]}
Nxe3 {[%clk 0:03:20]} 42.Bf3 {[%clk 0:05:33]} Rc5 {[%clk 0:03:13]}
43.Rb1 {[%clk 0:05:35]} Nf5 {[%clk 0:03:04]} 44.Kf2 {[%clk 0:05:26]}
Nd6 {[%clk 0:03:04]} 45.g4 {[%clk 0:05:21]} Nfe4+ {[%clk 0:03:02]}
46.Kg2 {[%clk 0:05:23]} Rc2 {[%clk 0:03:00]} 47.Rxa5 {[%clk 0:05:22]}
Nd2 {[%clk 0:02:56]} 48.Rxg5 {[%clk 0:05:13]} Nxb1 {[%clk 0:02:57]} 0-1

[Event "13. Golden Prague Rapid Open"]
[Site "Praha"]
[Date "2017.07.01"]
[Round "7.7"]
[White "Hosticka, Frantisek"]
[Black "Groh, Jiri"]
[Result "0-1"]
[WhiteElo "2138"]
[BlackElo "2047"]
[Annotator ""]
[Source ""]
[Remark ""]

1.e4 {[%clk 0:12:05]} c5 {[%clk 0:12:05]} 2.Nf3 {[%clk 0:12:07]}
Nc6 {[%clk 0:12:07]} 3.Bb5 {[%clk 0:12:09]} g6 {[%clk 0:12:07]}
4.O-O {[%clk 0:12:11]} Bg7 {[%clk 0:12:07]} 5.Re1 {[%clk 0:12:10]}
Nf6 {[%clk 0:12:07]} 6.e5 {[%clk 0:12:13]} Nd5 {[%clk 0:12:10]}
7.Nc3 {[%clk 0:12:15]} Nc7 {[%clk 0:12:07]} 8.Bxc6 {[%clk 0:12:16]}
bxc6 {[%clk 0:12:05]} 9.d3 {[%clk 0:11:49]} O-O {[%clk 0:12:05]}
10.Ne4 {[%clk 0:10:57]} Ne6 {[%clk 0:11:52]} 11.h3 {[%clk 0:09:38]}
d5 {[%clk 0:11:18]} 12.exd6 {[%clk 0:09:12]} exd6 {[%clk 0:11:19]}
13.Neg5 {[%clk 0:08:36]} h6 {[%clk 0:11:09]} 14.Ne4 {[%clk 0:08:06]}
Rb8 {[%clk 0:10:33]} 15.c3 {[%clk 0:07:44]} Rb7 {[%clk 0:10:31]}
16.Re2 {[%clk 0:07:08]} d5 {[%clk 0:10:31]} 17.Ng3 {[%clk 0:06:58]}
Qd6 {[%clk 0:10:12]} 18.Qa4 {[%clk 0:05:56]} Rb6 {[%clk 0:09:01]}
19.Qh4 {[%clk 0:05:39]} g5 {[%clk 0:08:09]} 20.Nf5 {[%clk 0:05:17]}
gxh4 {[%clk 0:07:16]} 21.Nxd6 {[%clk 0:05:18]} Ba6 {[%clk 0:07:14]}
22.Rd2 {[%clk 0:04:00]} Nf4 {[%clk 0:07:00]} 23.c4 {[%clk 0:02:49]}
Ng6 {[%clk 0:06:39]} 24.Rd1 {[%clk 0:02:36]} Bxb2 {[%clk 0:06:10]}
25.Bxb2 {[%clk 0:02:35]} Rxb2 {[%clk 0:06:11]} 26.cxd5 {[%clk 0:02:04]}
cxd5 {[%clk 0:06:11]} 27.Nf5 {[%clk 0:02:07]} Kh7 {[%clk 0:05:57]}
28.N3xh4 {[%clk 0:01:51]} Re8 {[%clk 0:05:45]} 29.Nxg6 {[%clk 0:01:19]}
fxg6 {[%clk 0:05:46]} 30.Ng3 {[%clk 0:01:15]} h5 {[%clk 0:05:36]}
31.Rac1 {[%clk 0:01:08]} h4 {[%clk 0:05:28]} 32.Nh1 {[%clk 0:00:57]}
c4 {[%clk 0:05:13]} 33.dxc4 {[%clk 0:00:58]} Bxc4 {[%clk 0:05:12]}
34.Re1 {[%clk 0:00:34]} Rxe1+ {[%clk 0:04:56]} 35.Rxe1 {[%clk 0:00:36]}
Rxa2 {[%clk 0:04:58]} 36.f3 {[%clk 0:00:24]} a5 {[%clk 0:04:40]}
37.Nf2 {[%clk 0:00:22]} Re2 {[%clk 0:04:08]} 38.Ra1 {[%clk 0:00:09]}
Ra2 {[%clk 0:04:09]} 39.Re1 {[%clk 0:00:11]} a4 {[%clk 0:04:03]}
40.Ng4 {[%clk 0:00:12]} Re2 {[%clk 0:03:54]} 41.Ra1 {[%clk 0:00:10]}
Ba2 {[%clk 0:03:51]} 42.Rc1 {[%clk 0:00:12]} Bc4 {[%clk 0:03:45]}
43.Rb1 {[%clk 0:00:13]} Re7 {[%clk 0:03:39]} 44.Rb8 {[%clk 0:00:10]}
Kg7 {[%clk 0:03:36]} 45.Ra8 {[%clk 0:00:11]} Bb3 {[%clk 0:03:34]}
46.Kf2 {[%clk 0:00:13]} d4 {[%clk 0:03:03]} 47.f4 d3 {[%clk 0:02:56]}
48.Ne3 {[%clk 0:00:14]} d2 {[%clk 0:02:50]} 49.Rd8 {[%clk 0:00:11]}
Rxe3 {[%clk 0:02:46]} 50.Rxd2 {[%clk 0:00:12]} Re7 {[%clk 0:02:44]} 0-1

[Event "13. Golden Prague Rapid Open"]
[Site "Praha"]
[Date "2017.07.01"]
[Round "7.8"]
[White "Benes, Petr"]
[Black "Plasek, Zdenek"]
[Result "0-1"]
[WhiteElo "2137"]
[BlackElo "1993"]
[Annotator ""]
[Source ""]
[Remark ""]

1.c4 e6 2.Nf3 d5 3.e3 a6 4.Qc2 b6 5.b3 Bb7 6.Bb2 Nf6 7.Be2 Nbd7
8.Nc3 Bd6 9.cxd5 exd5 10.Nd4 g6 11.Bf3 O-O 12.Nd1 c5 13.Ne2 Ne5
14.Bxe5 Bxe5 15.Rc1 Rc8 16.O-O Ne4 17.Ng3 Qh4 18.d3 Ng5 19.Be2
Bg7 20.f4 Ne6 21.f5 Ng5 22.Nf2 Be5 23.Nfh1 d4 24.e4 Bf4 25.Rxf4
Qxf4 26.Rf1 Qe3+ 27.Nf2 h5 28.Re1 Qf4 29.Rf1 Qd6 30.Re1 Rfd8
31.Qd2 Nh7 32.Qh6 Qf8 33.Qf4 g5 34.Qd2 h4 35.Ngh1 f6 36.Ng4 Qd6
37.Rf1 b5 38.Nhf2 c4 39.dxc4 d3 40.Bf3 bxc4 41.e5 Qb6 42.bxc4
Bxf3 43.gxf3 Rxc4 44.exf6 Rc2 45.Qe1 Nxf6 46.Qe7 Nxg4 47.fxg4 0-1

[Event "13. Golden Prague Rapid Open"]
[Site "Praha"]
[Date "2017.07.01"]
[Round "7.9"]
[White "Tsenov, Tsvetoslav"]
[Black "Horinek, Karel"]
[Result "1-0"]
[WhiteElo "2129"]
[BlackElo "1962"]
[Annotator ""]
[Source ""]
[Remark ""]

1.e4 {[%clk 0:12:05]} e5 {[%clk 0:12:04]} 2.Nf3 {[%clk 0:12:07]}
Nc6 {[%clk 0:12:06]} 3.Bb5 {[%clk 0:12:04]} a6 {[%clk 0:12:07]}
4.Ba4 {[%clk 0:12:08]} Nf6 {[%clk 0:12:08]} 5.O-O {[%clk 0:12:08]}
Be7 {[%clk 0:12:06]} 6.Re1 {[%clk 0:12:09]} b5 {[%clk 0:12:01]}
7.Bb3 {[%clk 0:12:10]} d6 {[%clk 0:12:02]} 8.c3 {[%clk 0:12:12]}
Na5 {[%clk 0:11:41]} 9.Bc2 {[%clk 0:12:06]} c5 {[%clk 0:11:39]}
10.h3 {[%clk 0:12:06]} O-O {[%clk 0:11:23]} 11.d4 {[%clk 0:12:07]}
exd4 {[%clk 0:11:16]} 12.cxd4 {[%clk 0:12:08]} Nc6 {[%clk 0:11:06]}
13.Nc3 {[%clk 0:11:51]} Bb7 {[%clk 0:11:04]} 14.d5 {[%clk 0:11:07]}
Ne5 {[%clk 0:10:42]} 15.Nxe5 {[%clk 0:10:18]} dxe5 {[%clk 0:10:42]}
16.f4 {[%clk 0:10:14]} Bd6 {[%clk 0:10:18]} 17.f5 {[%clk 0:10:07]}
b4 {[%clk 0:09:55]} 18.Nb1 {[%clk 0:09:10]} a5 {[%clk 0:09:53]}
19.Nd2 {[%clk 0:08:52]} Ba6 {[%clk 0:09:49]} 20.b3 {[%clk 0:08:20]}
Rc8 {[%clk 0:09:43]} 21.Nc4 {[%clk 0:08:22]} Bxc4 {[%clk 0:09:26]}
22.bxc4 {[%clk 0:08:23]} Re8 {[%clk 0:09:05]} 23.g4 {[%clk 0:08:19]}
Re7 {[%clk 0:08:51]} 24.g5 {[%clk 0:07:43]} Ne8 {[%clk 0:08:43]}
25.Qh5 {[%clk 0:07:13]} Ra7 {[%clk 0:08:15]} 26.Ba4 {[%clk 0:06:55]}
Qe7 {[%clk 0:07:26]} 27.Rf1 {[%clk 0:06:52]} f6 28.g6 {[%clk 0:06:24]}
h6 {[%clk 0:06:30]} 29.Rb1 {[%clk 0:06:01]} Nc7 {[%clk 0:06:13]}
30.Rb3 {[%clk 0:05:59]} Na8 {[%clk 0:06:12]} 31.Rg3 {[%clk 0:05:59]}
Nb6 {[%clk 0:06:06]} 32.Bb5 {[%clk 0:06:01]} a4 {[%clk 0:05:48]}
33.Bxh6 {[%clk 0:05:38]} gxh6 {[%clk 0:05:38]} 34.g7 {[%clk 0:05:40]}
Qxg7 {[%clk 0:04:55]} 35.Rff3 {[%clk 0:05:04]} Kh7 {[%clk 0:04:36]}
36.Rg6 {[%clk 0:03:22]} Rg8 {[%clk 0:03:22]} 37.Rfg3 {[%clk 0:03:22]}
b3 {[%clk 0:03:24]} 38.axb3 {[%clk 0:01:43]} axb3 {[%clk 0:03:24]}
39.Rxb3 {[%clk 0:01:42]} Qxg6+ {[%clk 0:03:01]} 40.fxg6+ {[%clk 0:01:43]}
Rxg6+ {[%clk 0:03:03]} 41.Kf2 {[%clk 0:01:26]} Ra2+ {[%clk 0:02:57]}
42.Kf3 {[%clk 0:01:18]} Rag2 {[%clk 0:02:44]} 43.Qh4 {[%clk 0:01:15]}
Rg1 {[%clk 0:01:39]} 44.Ra3 {[%clk 0:01:11]} Nc8 {[%clk 0:01:30]}
45.Bd7 {[%clk 0:01:06]} Rf1+ {[%clk 0:01:19]} 46.Ke2 {[%clk 0:01:06]}
Rf4 {[%clk 0:01:18]} 47.Qxf4 {[%clk 0:00:50]} exf4 {[%clk 0:01:19]}
48.Bf5 Kg7 {[%clk 0:01:14]} 49.Bxg6 {[%clk 0:00:42]} Kxg6 {[%clk 0:01:16]}
50.Ra8 {[%clk 0:00:44]} Nb6 {[%clk 0:01:15]} 51.Rg8+ {[%clk 0:00:42]}
Kf7 {[%clk 0:01:09]} 52.Rh8 Nxc4 {[%clk 0:01:07]} 53.Rxh6 {[%clk 0:00:44]}
Be5 {[%clk 0:01:04]} 54.Rh7+ {[%clk 0:00:42]} Kg6 {[%clk 0:01:03]}
55.Rd7 {[%clk 0:00:40]} Nd6 {[%clk 0:01:04]} 56.Kf3 {[%clk 0:00:41]}
c4 {[%clk 0:01:05]} 57.Rc7 {[%clk 0:00:41]} c3 {[%clk 0:01:05]}
58.Rc6 {[%clk 0:00:42]} Nc4 59.Rxc4 f5 {[%clk 0:00:58]} 60.Rc6+
{[%clk 0:00:40]} Kg5 {[%clk 0:01:00]} 61.d6 {[%clk 0:00:38]}
fxe4+ {[%clk 0:00:42]} 62.Kxe4 {[%clk 0:00:39]} 1-0